000
00217 a2200097 4500
001
22924
100
_a
Datla, B K
245
_a
Practical guide to library Procedure
260
_a
_b
Asia Pups
_c
090
_c
15519
_d
15519
942
_a
NUST-CAE
_c
M
_c
6135
999
_c
257997
_d
257997